书目信息 |
| 题名: |
施云翔山水画新作
|
|
| 作者: | 李克竣 主编 | |
| 分册: | ||
| 出版信息: | 大连 大连出版社 2008.01 |
|
| 页数: | 46页 | |
| 开本: | 29cm | |
| 丛书名: | 国画导学范本 | |
| 单 册: | ||
| 中图分类: | J222.7 | |
| 科图分类: | ||
| 主题词: | 山水画--shan shui hua--中国--现代--作品集 | |
| 电子资源: | ||
| ISBN: | 978-7-80684-597-4 | |
| 000 | 00865nam 2200253 450 | |
| 001 | 012008882841 | |
| 005 | 20080428095404.36 | |
| 010 | @a978-7-80684-597-4@dCNY25.00 | |
| 100 | @a20080428d2008 em y0chiy0120 ea | |
| 101 | 0 | @achi |
| 102 | @aCN@b210000 | |
| 105 | @aa z 000yy | |
| 106 | @ar | |
| 200 | 1 | @a施云翔山水画新作@Ashi yun xiang shan shui hua xin zuo@f李克竣主编@Fli ke jun zhu bian |
| 210 | @a大连@c大连出版社@d2008.01 | |
| 215 | @a46页@c图@d29cm | |
| 225 | 2 | @a国画导学范本@Aguo hua dao xue fan ben |
| 330 | @a本书收录的画有:桃花江上,漓江烟波,川江初晴,山路弯弯,故人家在白云间,峨眉云烟图,回首白云低,太行风骨等。 | |
| 410 | 0 | @12001 @a国画导学范本 |
| 606 | 0 | @a山水画@Ashan shui hua@y中国@z现代@j作品集 |
| 690 | @aJ222.7@v4 | |
| 701 | 0 | @a李克竣@Ali ke jun@4主编 |
| 801 | 0 | @aCN@bQSSK@c20080428 |
| 905 | @b297912-14@dJ222.7@eL192@f3 | |
| 施云翔山水画新作/李克竣主编.-大连:大连出版社,2008.01 |
| 46页:图;29cm.-(国画导学范本) |
| ISBN 978-7-80684-597-4:CNY25.00 |
| 本书收录的画有:桃花江上,漓江烟波,川江初晴,山路弯弯,故人家在白云间,峨眉云烟图,回首白云低,太行风骨等。 |
| ● |
| 相关链接 |
|
|
|
正题名:施云翔山水画新作
索取号:J222.7/L192
 
预约/预借
| 序号 | 登录号 | 条形码 | 馆藏地/架位号 | 状态 | 备注 |
| 1 | 297912 | 202979125 | 社科库309/309社科库 75排2列5层/ [索取号:J222.7/L192] | 在馆 | |
| 2 | 297913 | 202979134 | 社科库309/309社科库 75排2列5层/ [索取号:J222.7/L192] | 在馆 | |
| 3 | 297914 | 202979143 | 社科库309/309社科库 75排2列5层/ [索取号:J222.7/L192] | 在馆 |